| 000 | 01311nam a22002297a 4500 | ||
|---|---|---|---|
| 999 |
_c58996 _d58996 |
||
| 003 | Ge_BSU | ||
| 005 | 20221027165816.0 | ||
| 008 | 221027s2010 ge ||||| |||| 00| 0 geo d | ||
| 020 | _a9789941022623 | ||
| 041 | _ageo | ||
| 080 | _a330.322.013(042.4) ს-55 | ||
| 100 |
_aსიჭინავა, ალექსანდრე _915612 |
||
| 245 |
_aინვესტიციები : თეორია, ანალიზი, ორგანიზაცია, მართვა : _bლექციების კურსი / _cალექსანდრე სიჭინავა ; [რედ.: გ. ცაავა [და სხვ.]]. |
||
| 264 |
_aთბილისი : _b[საერთაშორისო სამართლისა და მართვის ქართულ-ბრიტანული უნ-ტის გამ-ბა], _c2010. |
||
| 300 |
_a351 გვ. ; _b20 სმ. |
||
| 504 | _aბიბლიოგრ.: გვ. 346. | ||
| 653 | _aინვესტიციების თეორია | ||
| 700 |
_aცაავა, გ. _eრედაქტორი _913908 |
||
| 700 |
_aგოგოხია, რ., _eრედაქტორი _915613 |
||
| 700 |
_aქოქიაური, ლ. _eრედაქტორი _915614 |
||
| 942 |
_2udc _cBK |
||